Artes visuales, educación artística: programa de estudio, séptimo año básico NB5
Shranjeno v:
| Korporativna značnica: | |
|---|---|
| Format: | Knjiga |
| Jezik: | španščina |
| Izdano: |
Santiago
Ministerio de Educación
2000
|
| Serija: | Educación Básica, 7
|
| Teme: | |
| Oznake: |
Označite
Brez oznak, prvi označite!
|
MARC
| LEADER | 00000nam a2200000 a 4500 | ||
|---|---|---|---|
| 001 | UCN0767 | ||
| 003 | CL-VaPUC | ||
| 008 | 010330e20000000CL |||||||||||||||||spa|d | ||
| 082 | 0 | 4 | |a 372.5 |b MIN |2 21 |
| 110 | 2 | |a Ministerio de Educación |e author |9 455983 | |
| 245 | 1 | 0 | |a Artes visuales, educación artística: programa de estudio, séptimo año básico NB5 |
| 300 | |a 87 p | ||
| 942 | |c BK | ||
| 945 | |d 20010330 00:00:00 |a vberengu | ||
| 260 | |a Santiago |b Ministerio de Educación |c 2000 | ||
| 650 | 0 | |a Educación artística |9 269035 | |
| 650 | 0 | |a Educación básica |9 224933 | |
| 650 | 0 | |a Programas de educación |9 339040 | |
| 583 | |a last modification |c 20010330 00:00:00 |k Rodrigo Vera | ||
| 490 | 0 | |a Educación Básica, 7 | |
| 999 | |c 294394 |d 294392 | ||
| 952 | |0 0 |1 0 |4 0 |6 372_500000000000000_MIN_2000 |7 0 |8 R |9 346747 |a BIBEDU |b BIBEDU |d 2019-11-20 |i 3706567 |o 372.5 MIN 2000 |p 3706567 |r 2019-11-20 |w 2019-11-20 |y BK_R |k BME | ||
| 952 | |0 0 |1 0 |4 0 |6 372_500000000000000_MIN_2000 |7 0 |8 R |9 346748 |a BIBEDU |b BIBEDU |d 2019-11-20 |i 377838K |o 372.5 MIN 2000 |p 377838K |r 2019-11-20 |w 2019-11-20 |y BK_R |k EPE | ||
| 952 | |0 0 |1 0 |4 0 |6 372_500000000000000_MIN_2000 |7 0 |8 R |9 346749 |a BIBEDU |b BIBEDU |d 2019-11-20 |i 3778398 |o 372.5 MIN 2000 |p 3778398 |r 2019-11-20 |w 2019-11-20 |y BK_R |k EPE | ||